تا ر يخ ر ا پڑ ی ا و ر ا سکی عظمت پا ر ينہ (Record no. 93919)

MARC details
000 -LEADER
fixed length control field 00742nam a22002177a 4500
005 - DATE AND TIME OF LATEST TRANSACTION
control field 20150525150607.0
008 - FIXED-LENGTH DATA ELEMENTS--GENERAL INFORMATION
fixed length control field 140714b xxu||||| |||| 00| 0 Urdu d
010 ## - LCCN (DPL NO)
LC control number UR-8966
020 ## - INTERNATIONAL STANDARD BOOK NUMBER
Terms of availability 250.00
035 ## - SYSTEM CONTROL NUMBER
System control number U-7521
037 ## - SOURCE OF ACQUISITION
Source of stock number/acquisition BPPD/Pub/Ven
040 ## - CATALOGING SOURCE
Original cataloging agency DPL
Language of cataloging Urdu
082 ## - DEWEY DECIMAL CLASSIFICATION NUMBER
Classification number 954.270
100 ## - MAIN ENTRY--PERSONAL NAME
Personal name محمد سميع ا لد ين
245 ## - TITLE STATEMENT
Title تا ر يخ ر ا پڑ ی ا و ر ا سکی عظمت پا ر ينہ
Statement of responsibility, etc محمد سميع ا لد ين
246 #h - VARYING FORM OF TITLE
Title proper/short title ‏Tareekh Rapri aur uski Azmat Parina
Remainder of title By Mohd. Samiuddin
260 ## - PUBLICATION, DISTRIBUTION, ETC. (IMPRINT)
Name of publisher, distributor, etc Maktaba Jamia Ltd.
Date of publication, distribution, etc 2012
Place of publication, distribution, etc Aligarh
270 ## - ADDRESS
Address Shamshad Market
City Aligarh
Telephone number 91-7559318584
Postal code 202002
300 ## - PHYSICAL DESCRIPTION
Extent 264ص
Dimensions 22Cm (Hb)
942 ## - ADDED ENTRY ELEMENTS (KOHA)
Source of classification or shelving scheme Dewey Decimal Classification
Item type Urdu Bks
Edition
Classification part 954.270
Call number suffix م ح م
Holdings
Withdrawn status Lost status Source of classification or shelving scheme Damaged status Not for loan Collection code Home library Current library Date acquired Source of acquisition Cost, normal purchase price Total Checkouts Full call number Barcode Date last seen Copy number Cost, replacement price Koha item type
    Dewey Decimal Classification   Not For Loan Non-fiction D.B.Act.Division D.B.Act.Division 25/05/2015 DBAD/Pub. 250.00   954.270 م ح م U-7521 25/05/2015 1 250.00 Urdu Bks

© Delhi Public Library
Hit Counter
free hit counter